Trendy vývoja výrobných kapacít pre produkciu trakčných batérií pre elektromobily v EÚ bakalárska práca

Saved in:
Bibliographic Details
Main Author: Valo, Simon
Corporate Author: Obchodná fakulta EU. Katedra marketingu
Other Authors: Lauko, Rastislav, 1979-
Format: Book
Language:Slovak
Published: Bratislava 2024
Tags: Add Tag
No Tags, Be the first to tag this record!

MARC

LEADER 00000nbm a2200000 4500
001 0302488
005 20241129150257.3
041 0 |a slo 
044 |a SK 
245 1 0 |a Trendy vývoja výrobných kapacít pre produkciu trakčných batérií pre elektromobily v EÚ  |b bakalárska práca  |c Simon Valo ; školiteľ: Rastislav Lauko 
264 1 |a Bratislava  |c 2024 
300 |a 63 s. 
100 1 |a Valo, Simon 
700 1 |a Lauko, Rastislav, 1979- 
710 2 |a Obchodná fakulta EU. Katedra marketingu